000 00606nam a2200193Ia 4500
008 191130s1985##################000#0#eng##
020 _a0861320751
040 _aACL
_cACL
082 _a302.2343 GAS
100 _aRoberge, Gaston
245 _aAnother cinema for another society
_cGaston Roberge
260 _aCalcutta
_bSeagull Books
_c1985, c1984
300 _a151 p., [14] p. of plates : ill. ; 23 cm
500 _aIncludes bibliographical references and index
650 _aMotion pictures - Social aspects
990 _ad93ade22ac10000c50a6db95083ea247
991 _a240597
999 _c370971
_d370971